| 000 | 00798nam a2200241 a 4500 | ||
|---|---|---|---|
| 001 | 57603 | ||
| 005 | 20180714053848.0 | ||
| 008 | 140415s1984 sp 000 0 spa d | ||
| 041 | _aspa | ||
| 082 | 0 |
_a121 _bGEV |
|
| 100 | 1 |
_aGevaert, Joseph _eautor |
|
| 245 | 1 | 0 |
_aEl problema del hombre : _bintroducción a la antropología filosófica, / _cJoseph Gevaert, traducción de Alfonso Ortíz. |
| 250 | _a6a ed. | ||
| 260 |
_aEspaña : _bEdiciones sígueme, _c1984. |
||
| 300 |
_a353 páginas ; _c21cm. |
||
| 336 |
_atexto _2rdacontent |
||
| 337 |
_asin mediación _2rdamedia |
||
| 338 |
_avolumen _2rdacarrier |
||
| 490 | 0 |
_aLuy mundi _v48 |
|
| 500 | _aESTE LIBRO SE DESCARTA POR SER FOTOCOPIA | ||
| 650 | 0 | 4 | _aAntropología filosófica |
| 700 | 1 |
_aOrtíz, Alfonso _etraducción |
|
| 999 |
_c57603 _d57603 |
||